000 00820nam a2200277 i 4500
001 19419
003 ES-MaACL
005 20230906152106.0
007 t|
008 020716s2001 sp ||||0| spa j
020 _a84-339-6943-9
040 _aM-BN
_bspa
_cM-BN
080 _a821.111-94"19"
080 _a929 Amis, Martin
100 1 _aAmis, Martin.
_921261
245 1 0 _aExperiencia /
_cMartin Amis ; traducción de Jesús Zulaika.
260 _aBarcelona :
_bAnagrama,
_c[2001]
300 _a496 p., [16] p. de lám ;
_c23 cm.
490 1 _aPanorama de narrativas ;
_v483
600 1 4 _aAmis, Martin.
_921261
700 1 _aZulaika Goicoechea, Jesús.
_9118451
830 0 0 _aPanorama de narrativas
_v483
_9123642
852 _aES-MaACL
_jL-25821
_bR.130711
999 _c19419
_d19419